00357nam a2200157Ia 4500003000400000005001700004008004100021020001800062040001100080041000800091082001200099100001800111245002000129260003100149300001900180OSt20250202145147.0241028s9999 xx 000 0 und d a9789389109177 cAmazon aeng a920 SUB aN. Sundaresha aThe Dirty Dozen bMacmillanaNew Dehlic2019 a312;. P. 24 Cm